[Event "SF Katernberg 2 - Bielefelder SK 1"]
[Site "NRW-Klasse, Gruppe 1 2013/201"]
[Date "2014.04.06"]
[Round "8.8"]
[White "Stremmel, Ralf"]
[Black "Gruettemeier, Uwe"]
[Result "1-0"]
[WhiteElo "2047"]
[BlackElo "2060"]
[PlyCount "87"]
[EventDate "2014.??.??"]
[WhiteTeam "SF Katernberg 2"]
[BlackTeam "Bielefelder SK 1"]

1. e4 c6 2. d4 d5 3. f3 g6 4. Nc3 Bg7 5. Be3 Qb6 6. Qd2 Qxb2 7. Rb1 Qa3 8. Bd3
dxe4 9. fxe4 Nf6 10. Nf3 Ng4 11. Bf4 e5 12. dxe5 Qe7 13. Bg5 Qc7 14. O-O O-O
15. Bc4 Nxe5 16. Bb3 Nbd7 17. Be7 Nxf3+ 18. gxf3 Re8 19. Bd6 Qa5 20. Qf4 Bf6
21. Ne2 Qg5+ 22. Qxg5 Bxg5 23. f4 Be7 24. Bc7 Bc5+ 25. Kg2 Rxe4 26. Ng3 Re8 27.
f5 g5 28. Rbe1 Nf6 29. Nh5 Rxe1 30. Nxf6+ Kg7 31. Nh5+ Kh6 32. Rxe1 Kxh5 33.
Bxf7+ Kh6 34. Re8 b6 35. Rg8 Bb7 36. Bd8 Be3 37. Kf3 Bc1 38. Kg4 c5 39. Be6 Be4
40. f6 Bg6 41. f7 Bxf7 42. Bxf7 Rc8 43. Bxg5+ Bxg5 44. Rxc8 1-0

[Event "SG Bochum 2 - SK Königsspringer Iserloh"]
[Site "NRW-Klasse, Gruppe 1 2013/201"]
[Date "2014.04.06"]
[Round "8.1"]
[White "Scheider, Julian"]
[Black "Kotainy, Jens"]
[Result "1-0"]
[WhiteElo "2254"]
[BlackElo "2326"]
[PlyCount "75"]
[EventDate "2014.??.??"]
[WhiteTeam "SK Königsspringer Iserlohn 1"]
[BlackTeam "SG Bochum 2"]

1. e4 e6 2. d4 d5 3. Nc3 h6 4. Nf3 Nf6 5. Bd3 Bb4 6. e5 Ne4 7. Bd2 Nxd2 8. Qxd2
O-O 9. a3 Be7 10. O-O b6 11. b4 c5 12. Rfb1 Nc6 13. Bb5 Bb7 14. Ne2 Nxd4 15.
Nexd4 cxd4 16. Nxd4 Qc7 17. f4 Rfc8 18. Rb3 a5 19. f5 exf5 20. Re1 axb4 21.
axb4 Ra2 22. Bd3 Bh4 23. g3 Bg5 24. Qf2 Re8 25. h4 Be7 26. Qxf5 g6 27. Qf4 Bf8
28. h5 Bg7 29. hxg6 fxg6 30. Bxg6 Bxe5 31. Rxe5 Rxe5 32. Re3 Ra1+ 33. Kf2 Re7
34. Qxh6 Rxe3 35. Qxe3 Ra8 36. Qe6+ Kg7 37. Nf5+ Kh8 38. Qf6+ 1-0

[Event "SG Bochum 2 - SK Königsspringer Iserloh"]
[Site "NRW-Klasse, Gruppe 1 2013/201"]
[Date "2014.04.06"]
[Round "8.2"]
[White "Dahm, Jochen"]
[Black "Schmuecker, Marcus"]
[Result "1/2-1/2"]
[WhiteElo "2248"]
[BlackElo "2199"]
[PlyCount "122"]
[EventDate "2014.??.??"]
[WhiteTeam "SG Bochum 2"]
[BlackTeam "SK Königsspringer Iserlohn 1"]

1. Nf3 d5 2. c4 c6 3. b3 Nf6 4. Bb2 Bf5 5. d3 e6 6. Nh4 Bg6 7. Nxg6 hxg6 8. e3
Bd6 9. h3 Nbd7 10. Be2 Qe7 11. Nd2 Ba3 12. Qc2 Bxb2 13. Qxb2 e5 14. cxd5 Nxd5
15. a3 O-O 16. O-O Rfe8 17. b4 Rac8 18. Bf3 N7f6 19. Rac1 b6 20. Qb3 Red8 21.
Rc4 Qd7 22. Rfc1 Ne7 23. Be2 Qe6 24. Qc2 Rd6 25. Nf3 b5 26. Rc5 Rd5 27. d4 Nd7
28. e4 Rxc5 29. dxc5 Ra8 30. Rd1 Nc8 31. a4 a6 32. Ng5 Qe7 33. h4 Nf6 34. Rd2
Ra7 35. Qd1 Rd7 36. Rxd7 Qxd7 37. Qxd7 Nxd7 38. axb5 axb5 39. Bg4 f5 40. exf5
Nf6 41. Bf3 Ne7 42. fxg6 Nfd5 43. h5 Nxb4 44. Bg4 Nd3 45. Be6+ Kf8 46. Bf7 Nf5
47. Ne6+ Ke7 48. Nxg7 Nh6 49. Ba2 Nc1 50. Bb1 Ne2+ 51. Kf1 Nd4 52. f3 Kf8 53.
Kf2 Kxg7 54. g4 Kf6 55. Ke3 Ne6 56. Be4 Nxc5 57. Bxc6 b4 58. Bd5 b3 59. Kd2 b2
60. Kc2 Nd3 61. Be4 Nc5 1/2-1/2

[Event "SG Bochum 2 - SK Königsspringer Iserloh"]
[Site "NRW-Klasse, Gruppe 1 2013/201"]
[Date "2014.04.06"]
[Round "8.3"]
[White "Eckardt, Joshua"]
[Black "Tkachuk, Konstantyn"]
[Result "0-1"]
[WhiteElo "2039"]
[BlackElo "2195"]
[Annotator "Doe,John"]
[PlyCount "80"]
[EventDate "2014.??.??"]
[WhiteTeam "SK Königsspringer Iserlohn 1"]
[BlackTeam "SG Bochum 2"]

1. Nf3 g6 2. c4 Bg7 3. d4 d6 4. g3 Nf6 5. Bg2 O-O 6. Nc3 c6 7. O-O Nbd7 8. e4
e5 9. Rb1 a6 10. Qc2 Nh5 11. d5 c5 12. Bh3 h6 13. Bd2 Nb6 14. Bxc8 Rxc8 15. Nd1
Qd7 16. Nh4 Na8 17. a4 $11 b5 18. axb5 axb5 19. b3 Nc7 20. Ra1 Ra8 21. Ne3 Nf4
22. gxf4 Rxa1 23. Rxa1 exf4 24. Ra7 fxe3 25. Bxe3 bxc4 26. bxc4 Rb8 27. Ng2 Rb2
28. Qd1 Qc8 29. Nf4 Qb8 30. Qa4 Rb1+ 31. Kg2 Ra1 32. Qxa1 Bxa1 33. Rxa1 Qb3 34.
Ra7 Ne8 35. Ra8 Kf8 36. Ne6+ fxe6 37. Bxh6+ Kf7 38. dxe6+ Ke7 39. Bg5+ Nf6 40.
e5 Qb7+ 0-1

[Event "SG Bochum 2 - SK Königsspringer Iserloh"]
[Site "NRW-Klasse, Gruppe 1 2013/201"]
[Date "2014.04.06"]
[Round "8.4"]
[White "Kitte, Sebastian"]
[Black "Franke, Thomas"]
[Result "1/2-1/2"]
[WhiteElo "2248"]
[BlackElo "2055"]
[PlyCount "32"]
[EventDate "2014.??.??"]
[WhiteTeam "SG Bochum 2"]
[BlackTeam "SK Königsspringer Iserlohn 1"]

1. d4 Nf6 2. c4 g6 3. Nc3 Bg7 4. e4 d6 5. Nf3 O-O 6. h3 c5 7. d5 b5 8. cxb5 a6
9. a4 Bd7 10. Bd2 e6 11. dxe6 Bxe6 12. Be2 axb5 13. Bxb5 d5 14. exd5 Nxd5 15.
O-O Nb4 16. Ne4 Qd5 1/2-1/2

[Event "SG Bochum 2 - SK Königsspringer Iserloh"]
[Site "NRW-Klasse, Gruppe 1 2013/201"]
[Date "2014.04.06"]
[Round "8.5"]
[White "Messarius, Juergen"]
[Black "Kahleys, Kevin"]
[Result "1/2-1/2"]
[WhiteElo "2173"]
[BlackElo "2223"]
[Annotator "Doe,John"]
[PlyCount "83"]
[EventDate "2014.??.??"]
[WhiteTeam "SK Königsspringer Iserlohn 1"]
[BlackTeam "SG Bochum 2"]

1. e4 e6 2. d4 d5 3. Nc3 Nf6 4. e5 Nfd7 5. f4 c5 6. Nf3 Nc6 7. Be3 cxd4 8. Nxd4
Bc5 9. Qd2 Nxd4 10. Bxd4 Bxd4 11. Qxd4 Qb6 12. O-O-O Qxd4 13. Rxd4 a6 14. h4 h5
15. Rh3 Ke7 16. Rg3 g6 17. a4 Nb8 18. Rb4 Nc6 19. Rb6 Kd8 $11 20. Nb1 Kc7 21.
Rbb3 Bd7 22. Nd2 Ne7 23. a5 Bc6 24. Bd3 Rhc8 25. Nf3 Be8 26. Nd4 Nc6 27. Rc3
Kd8 28. Nb3 Nb4 29. Kd2 Rxc3 30. bxc3 Nxd3 31. cxd3 Rc8 32. d4 Bb5 33. Nc5 Kc7
34. f5 exf5 35. e6 Be8 36. Re3 f6 37. Re1 Rb8 38. g3 Kd6 39. e7 Bd7 40. Rb1 Bb5
41. Re1 Bd7 42. Rb1 1/2-1/2

[Event "SG Bochum 2 - SK Königsspringer Iserloh"]
[Site "NRW-Klasse, Gruppe 1 2013/201"]
[Date "2014.04.06"]
[Round "8.6"]
[White "Mazarov, Juergen"]
[Black "Klauke, Stefan"]
[Result "1/2-1/2"]
[WhiteElo "2126"]
[BlackElo "2056"]
[Annotator "Doe,John"]
[PlyCount "69"]
[EventDate "2014.??.??"]
[WhiteTeam "SG Bochum 2"]
[BlackTeam "SK Königsspringer Iserlohn 1"]

1. e4 c5 2. Nf3 Nf6 3. Nc3 d5 4. exd5 Nxd5 5. Nxd5 Qxd5 6. b3 Nc6 7. Bb2 e6 8.
Be2 Be7 9. O-O O-O 10. Re1 b6 11. Bd3 Bb7 12. Be4 Qd7 13. Qe2 Rfd8 14. Rad1 Qc7
15. c4 Nd4 16. Nxd4 cxd4 17. d3 Bb4 18. Rf1 Qe7 19. f4 a5 20. a4 Bc5 21. Rf3
Ra7 22. Rdf1 Bxe4 23. Qxe4 Rad7 24. Bc1 Ba3 25. Bd2 Bb4 26. Qe1 Bxd2 27. Qxd2
g6 $11 28. Re1 Qa3 29. Qc2 Rc8 30. Rf2 Qd6 31. Re4 Rc5 32. Rfe2 Rf5 33. g3 h5
34. Re5 Rxe5 35. Rxe5 1/2-1/2

[Event "SG Bochum 2 - SK Königsspringer Iserloh"]
[Site "NRW-Klasse, Gruppe 1 2013/201"]
[Date "2014.04.06"]
[Round "8.7"]
[White "Kramps, Rene"]
[Black "Werthebach, Felix"]
[Result "0-1"]
[WhiteElo "2068"]
[BlackElo "2134"]
[Annotator "Doe,John"]
[PlyCount "50"]
[EventDate "2014.??.??"]
[WhiteTeam "SK Königsspringer Iserlohn 1"]
[BlackTeam "SG Bochum 2"]

1. e4 c5 2. Nf3 e6 3. d3 Nc6 4. g3 g6 5. Nbd2 Bg7 6. Bg2 Nge7 7. O-O O-O 8. Nh4
d6 9. f4 f5 10. Nhf3 h6 11. h3 $11 e5 12. Nc4 Be6 13. Ne3 exf4 14. exf5 fxe3
15. fxe6 Nf5 16. Re1 Ncd4 17. Bxe3 Nxf3+ 18. Bxf3 Nxe3 19. Rxe3 Bd4 20. Qe2 Qg5
21. Re1 Qxg3+ 22. Bg2 Rf3 23. Qxf3 Qxe1+ 24. Kh2 Qxe3 25. Qf7+ Kh8 0-1

[Event "SG Bochum 2 - SK Königsspringer Iserloh"]
[Site "NRW-Klasse, Gruppe 1 2013/201"]
[Date "2014.04.06"]
[Round "8.8"]
[White "Thanabalasingam, Ajandhan"]
[Black "Schwanbeck, Christoph"]
[Result "1/2-1/2"]
[WhiteElo "1965"]
[BlackElo "2015"]
[PlyCount "20"]
[EventDate "2014.??.??"]
[WhiteTeam "SG Bochum 2"]
[BlackTeam "SK Königsspringer Iserlohn 1"]

1. e4 d6 2. d4 Nf6 3. Nc3 Nbd7 4. Be3 e5 5. Nge2 Be7 6. f3 c6 7. Qd2 Nb6 8. b3
Qc7 9. O-O-O Be6 10. g4 exd4 1/2-1/2

[Event "SF Lieme 1 - Elberfelder SG 1"]
[Site "NRW-Klasse, Gruppe 1 2013/201"]
[Date "2014.04.06"]
[Round "8.1"]
[White "Odendahl, Reiner"]
[Black "Schmitz, Philipp"]
[Result "1-0"]
[WhiteElo "2252"]
[BlackElo "2196"]
[PlyCount "75"]
[EventDate "2014.??.??"]
[WhiteTeam "Elberfelder SG 1"]
[BlackTeam "SF Lieme 1"]

1. Nf3 Nf6 2. c4 g6 3. Nc3 Bg7 4. g3 d6 5. d4 O-O 6. Bg2 a6 7. O-O Nc6 8. d5
Na5 9. Nd2 c5 10. Qc2 Rb8 11. b3 b5 12. Rb1 Bf5 13. e4 Bd7 14. Bb2 e5 15. Nd1
Nh5 16. Ne3 Bh6 17. Rbe1 f5 18. exf5 gxf5 19. Qd1 Qg5 20. Nf3 Qg6 21. Bxe5 f4
22. Nh4 Qg5 23. Bxd6 fxe3 24. Rxe3 bxc4 25. Re5 Qf6 26. Bxb8 cxb3 27. Rxh5 Rxb8
28. axb3 Nxb3 29. d6 Nd4 30. Rxc5 Bb5 31. Qg4+ Kh8 32. Rc8+ Rxc8 33. Qxc8+ Kg7
34. Rd1 Ne2+ 35. Kh1 Nc3 36. Re1 Ne2 37. Nf5+ Kg6 38. Ne7+ 1-0

[Event "SF Lieme 1 - Elberfelder SG 1"]
[Site "NRW-Klasse, Gruppe 1 2013/201"]
[Date "2014.04.06"]
[Round "8.2"]
[White "Wittke, Rene"]
[Black "Hintze, Helge"]
[Result "1-0"]
[WhiteElo "2145"]
[BlackElo "2243"]
[PlyCount "145"]
[EventDate "2014.??.??"]
[WhiteTeam "SF Lieme 1"]
[BlackTeam "Elberfelder SG 1"]

1. e4 e6 2. d4 d5 3. Nd2 Nf6 4. Bd3 c5 5. c3 Nc6 6. Ngf3 cxd4 7. cxd4 Nb4 8.
Bb1 dxe4 9. Nxe4 Nbd5 10. O-O Be7 11. Ne5 O-O 12. Qd3 Nxe4 13. Qxe4 f5 14. Qf3
Bd6 15. Bc2 Bxe5 16. dxe5 Bd7 17. Bb3 Bc6 18. Be3 Qc7 19. Bc5 Qxe5 20. Rfe1
Qxb2 21. Bxf8 Rxf8 22. Rac1 Qf6 23. Qg3 Re8 24. Rcd1 Kf7 25. Qd6 Qe7 26. Qe5
Rd8 27. Qd4 a6 28. Re5 Rd6 29. Rde1 g6 30. g3 Nc7 31. Qf4 Bd5 32. Bxd5 Nxd5 33.
Qh6 Nf6 34. h3 Kg8 35. Rc5 Qd7 36. Rec1 Rd1+ 37. Kg2 Rxc1 38. Qxc1 Nd5 39. Rc8+
Kg7 40. Qb2+ Kh6 41. Rb8 b5 42. Qd4 f4 43. Qe4 Qc7 44. Ra8 Qb7 45. Re8 fxg3 46.
fxg3 Ne3+ 47. Kf3 Qf7+ 48. Qf4+ Qxf4+ 49. Kxf4 Nd5+ 50. Kf3 Nb4 51. Rxe6 Nxa2
52. Rxa6 Nc3 53. Rb6 Kg7 54. Rb7+ Kh6 55. Ke3 b4 56. Kf3 Nd5 57. Rb5 Nf6 58.
Rxb4 g5 59. Rb5 Kg6 60. Ke3 h6 61. Ra5 Nh5 62. Ra6+ Kg7 63. Kf3 Nf6 64. h4 Kf7
65. Ke3 Kg7 66. Kd4 Nh5 67. Ra7+ Kf8 68. hxg5 Nxg3 69. g6 Nh5 70. Ke5 Kg8 71.
Rh7 Ng3 72. Rxh6 Kg7 73. Rh2 1-0

[Event "SF Lieme 1 - Elberfelder SG 1"]
[Site "NRW-Klasse, Gruppe 1 2013/201"]
[Date "2014.04.06"]
[Round "8.3"]
[White "Kurr, Gerd"]
[Black "Essing, Arnold"]
[Result "1-0"]
[WhiteElo "2169"]
[BlackElo "2160"]
[PlyCount "97"]
[EventDate "2014.??.??"]
[WhiteTeam "Elberfelder SG 1"]
[BlackTeam "SF Lieme 1"]

1. d4 d5 2. c4 e6 3. Nc3 Nf6 4. Bg5 Nbd7 5. e3 Be7 6. Nf3 O-O 7. Qc2 c6 8. cxd5
exd5 9. Bd3 Re8 10. O-O Nf8 11. Rab1 Bd6 12. Rfc1 Bg4 13. Nd2 Bh5 14. Nf1 Bg6
15. b4 a6 16. Na4 h6 17. Bh4 Bxd3 18. Qxd3 Ng6 19. Bg3 Ne4 20. Nc5 Bxg3 21.
Nxg3 Nd6 22. Nf5 Nxf5 23. Qxf5 Qc7 24. Qd7 Re7 25. Qxc7 Rxc7 26. Na4 Ne7 27.
Nb6 Rd8 28. b5 axb5 29. Rxb5 cxb5 30. Rxc7 Nc6 31. Rxb7 Na5 32. Ra7 Nc4 33. Ra8
Rxa8 34. Nxa8 f5 35. Nc7 Na3 36. Nxd5 Kf7 37. Kf1 Ke6 38. Nb4 Kd6 39. Ke2 Kc7
40. Kd3 Kb6 41. Nd5+ Ka5 42. Ne7 Ka4 43. Nxf5 Nc4 44. d5 Ka3 45. Nd4 Nd6 46. e4
Kxa2 47. e5 Nf7 48. f4 Ka3 49. Nxb5+ 1-0

[Event "SF Lieme 1 - Elberfelder SG 1"]
[Site "NRW-Klasse, Gruppe 1 2013/201"]
[Date "2014.04.06"]
[Round "8.4"]
[White "Himpenmacher, Andy"]
[Black "Noetzel, Frank"]
[Result "0-1"]
[WhiteElo "2045"]
[BlackElo "2122"]
[PlyCount "79"]
[EventDate "2014.??.??"]
[WhiteTeam "SF Lieme 1"]
[BlackTeam "Elberfelder SG 1"]

1. e4 e5 2. Nf3 Nc6 3. Bb5 f5 4. d4 fxe4 5. Nxe5 Nxe5 6. dxe5 c6 7. Nc3 cxb5 8.
Nxe4 d5 9. exd6 Nf6 10. O-O Nxe4 11. Qh5+ g6 12. Qe5+ Kf7 13. Qxh8 Nf6 14. Bh6
Be6 15. Qxf8+ Qxf8 16. Bxf8 Rxf8 17. a4 b4 18. Rfd1 Rd8 19. Rd4 Nd5 20. Rad1
Rxd6 21. Rxb4 Nxb4 22. Rxd6 Nxc2 23. Rd8 h5 24. f3 Nb4 25. Kf2 Nc6 26. Rd3 Kf6
27. Ke3 Ne5 28. Rd4 Nc6 29. Rf4+ Ke7 30. h4 Ne5 31. Kd4 Nd7 32. g4 Nb6 33. gxh5
gxh5 34. a5 Nd5 35. Re4 Kd6 36. f4 Ne7 37. Kc3 Bg4 38. Kd2 Nf5 39. Rb4 Kc6 40.
Rc4+ 0-1

[Event "SF Lieme 1 - Elberfelder SG 1"]
[Site "NRW-Klasse, Gruppe 1 2013/201"]
[Date "2014.04.06"]
[Round "8.5"]
[White "Maj, Kornel"]
[Black "Schaffarczyk, Andre"]
[Result "0-1"]
[WhiteElo "1891"]
[BlackElo "2027"]
[PlyCount "84"]
[EventDate "2014.??.??"]
[WhiteTeam "Elberfelder SG 1"]
[BlackTeam "SF Lieme 1"]

1. e4 c5 2. c3 Nf6 3. e5 Nd5 4. d4 cxd4 5. Nf3 d6 6. cxd4 Nc6 7. Bc4 e6 8. O-O
Be7 9. Qe2 O-O 10. Qe4 Ndb4 11. exd6 Qxd6 12. Bf4 Qd7 13. Nc3 Rd8 14. Rad1 Nd5
15. Rd3 f5 16. Bxd5 fxe4 17. Bxe4 Nb4 18. Re3 Bf6 19. Rfe1 Nd5 20. Nxd5 exd5
21. Bd3 Qa4 22. Bc7 Rf8 23. Bd6 Rd8 24. Bc7 Rd7 25. Re8+ Kf7 26. Bxh7 Rxc7 27.
Bg8+ Kg6 28. Bxd5 Qd7 29. Ne5+ Bxe5 30. R8xe5 Qd8 31. Be4+ Kh6 32. Rd5 Qf6 33.
h3 Be6 34. Re5 Re8 35. g4 g5 36. h4 Rg7 37. Kg2 Qf4 38. hxg5+ Rxg5 39. Rh1+ Kg7
40. Rh7+ Kg8 41. Bf5 Rxg4+ 42. Kf1 Bc4+ 0-1

[Event "SF Lieme 1 - Elberfelder SG 1"]
[Site "NRW-Klasse, Gruppe 1 2013/201"]
[Date "2014.04.06"]
[Round "8.6"]
[White "Stukenbrok, Nils"]
[Black "Kesseler, Heiko"]
[Result "1-0"]
[WhiteElo "1993"]
[BlackElo "2018"]
[PlyCount "101"]
[EventDate "2014.??.??"]
[WhiteTeam "SF Lieme 1"]
[BlackTeam "Elberfelder SG 1"]

1. d4 d5 2. c4 c6 3. e3 Nf6 4. Nf3 a6 5. Bd3 Bg4 6. Nbd2 e6 7. O-O Be7 8. Qc2
O-O 9. Ne5 Bh5 10. c5 Nbd7 11. f4 Bg6 12. Nxg6 hxg6 13. Nf3 b6 14. b4 b5 15.
Bd2 Qc7 16. a4 Rfb8 17. Ra3 Qc8 18. Rfa1 Ne8 19. Qa2 Nc7 20. Ne5 Nxe5 21. fxe5
Qd8 22. Rf1 Bg5 23. g3 Qd7 24. h4 Bd8 25. Bb1 a5 26. bxa5 b4 27. Rb3 Na6 28.
Qc2 Qe7 29. Kg2 Ra7 30. h5 Qg5 31. hxg6 f5 32. e4 Qg4 33. exf5 Qxd4 34. fxe6
Qe4+ 35. Qxe4 dxe4 36. Bxe4 Nxc5 37. Rbf3 Be7 38. Bxc6 b3 39. Bb5 Ne4 40. Be1
Rc7 41. Rxb3 Rc2+ 42. Kh1 Rc1 43. Re3 Nc5 44. a6 Nxe6 45. Rc3 Rxc3 46. Bxc3 Rc8
47. Bd7 Rxc3 48. Bxe6+ Kh8 49. Rf5 Rc1+ 50. Kh2 Rc2+ 51. Kh3 1-0

[Event "SF Lieme 1 - Elberfelder SG 1"]
[Site "NRW-Klasse, Gruppe 1 2013/201"]
[Date "2014.04.06"]
[Round "8.7"]
[White "Fuchs, Thomas"]
[Black "Stork, Holger"]
[Result "1/2-1/2"]
[WhiteElo "1937"]
[BlackElo "1991"]
[PlyCount "45"]
[EventDate "2014.??.??"]
[WhiteTeam "Elberfelder SG 1"]
[BlackTeam "SF Lieme 1"]

1. e4 d5 2. exd5 Qxd5 3. Nc3 Qd6 4. g3 Nf6 5. Bg2 Bg4 6. Nge2 c6 7. h3 Bxe2 8.
Qxe2 e6 9. d3 Nbd7 10. a3 Qc7 11. Bf4 Bd6 12. Bxd6 Qxd6 13. O-O O-O 14. Rad1
Rad8 15. d4 Rfe8 16. Rd2 Nb6 17. Rfd1 Nbd5 18. Qc4 b5 19. Qb3 Nb6 20. Bf1 Nbd5
21. Bg2 Nb6 22. Bf1 Nbd5 23. Bg2 1/2-1/2

[Event "SF Lieme 1 - Elberfelder SG 1"]
[Site "NRW-Klasse, Gruppe 1 2013/201"]
[Date "2014.04.06"]
[Round "8.8"]
[White "Schulte, Oliver"]
[Black "Kuehne, Marco"]
[Result "1-0"]
[WhiteElo "1993"]
[BlackElo "2021"]
[PlyCount "137"]
[EventDate "2014.??.??"]
[WhiteTeam "SF Lieme 1"]
[BlackTeam "Elberfelder SG 1"]

1. d4 Nf6 2. Nf3 d5 3. c4 c6 4. cxd5 cxd5 5. Bf4 e6 6. a3 Bd6 7. Bg3 Ne4 8.
Nbd2 Nxg3 9. hxg3 Nc6 10. e3 Bd7 11. b4 Qf6 12. Bd3 g6 13. b5 Ne7 14. e4 Qg7
15. e5 Bc7 16. Nb3 b6 17. g4 g5 18. Qc1 Bd8 19. Qxg5 Ng6 20. Qe3 Be7 21. g5 Rc8
22. Qd2 Qf8 23. Qb2 Nf4 24. Bf1 h6 25. g3 Ng6 26. Rxh6 Rxh6 27. gxh6 Qxh6 28.
Nbd2 Qh1 29. a4 f6 30. exf6 Bxf6 31. Rc1 Ra8 32. Ne5 Bxe5 33. dxe5 Qh5 34. f4
Ne7 35. Rc7 Kd8 36. Qc2 Qh2 37. Rc3 Nf5 38. Nb3 Qxc2 39. Rxc2 Nxg3 40. Rg2 Nxf1
41. Rg8+ Be8 42. Kxf1 Ke7 43. Kf2 Kf7 44. Rh8 Kg7 45. Rh1 a6 46. Nd4 Bf7 47. f5
axb5 48. fxe6 Bg6 49. axb5 Ra2+ 50. Ke3 Ra3+ 51. Kf4 Ra4 52. Rd1 Rb4 53. Kg5
Rb2 54. Rc1 Rg2+ 55. Kf4 Rf2+ 56. Ke3 Rf8 57. Rc7+ Kh6 58. e7 Re8 59. Kf4 Kg7
60. Kg5 Kf7 61. e6+ Kg7 62. Rd7 Bd3 63. Nf5+ Bxf5 64. Kxf5 d4 65. Rxd4 Rxe7 66.
Rd7 Kf8 67. Kf6 Re8 68. e7+ Kg8 69. Rd8 1-0

[Event "Bielefelder SK 1 - Oberhausener SV 1"]
[Site "NRW-Klasse, Gruppe 1 2013/201"]
[Date "2014.04.27"]
[Round "9.1"]
[White "Hort, Vlastimil"]
[Black "Malcher, Werner"]
[Result "1-0"]
[WhiteElo "2381"]
[BlackElo "2322"]
[PlyCount "71"]
[EventDate "2014.??.??"]
[WhiteTeam "Oberhausener SV 1"]
[BlackTeam "Bielefelder SK 1"]

1. d4 Nf6 2. c4 c5 3. d5 g6 4. Nc3 Bg7 5. e4 d6 6. Bd3 e6 7. Nge2 exd5 8. exd5
O-O 9. O-O a6 10. a4 b6 11. h3 Ne8 12. Be3 Nd7 13. f4 f5 14. Qc2 Ndf6 15. Rae1
Ra7 16. Rf3 Nh5 17. Bf2 Re7 18. Nc1 Rxe1+ 19. Bxe1 Bd7 20. N1e2 Bf6 21. Nd1
Nhg7 22. Nf2 Nc7 23. Qb3 Qb8 24. Bc3 Be7 25. Re3 Re8 26. Qc2 Bf8 27. Rf3 a5 28.
g4 Na6 29. Ng3 fxg4 30. hxg4 Nb4 31. Bxb4 cxb4 32. f5 gxf5 33. gxf5 Re1+ 34.
Kg2 Be8 35. Qd2 Re5 36. Ng4 1-0

[Event "Bielefelder SK 1 - Oberhausener SV 1"]
[Site "NRW-Klasse, Gruppe 1 2013/201"]
[Date "2014.04.27"]
[Round "9.2"]
[White "Forchert, Martin"]
[Black "Becker, Marcel"]
[Result "1/2-1/2"]
[WhiteElo "2267"]
[BlackElo "2332"]
[PlyCount "81"]
[EventDate "2014.??.??"]
[WhiteTeam "Bielefelder SK 1"]
[BlackTeam "Oberhausener SV 1"]

1. e4 c6 2. d4 d5 3. e5 Bf5 4. Be3 e6 5. Nd2 Nd7 6. Ngf3 Ne7 7. Nh4 Bg6 8. Be2
Qb6 9. O-O Qxb2 10. Nxg6 hxg6 11. Rb1 Qa3 12. Rb3 Qa5 13. Rxb7 Nf5 14. c4 Rb8
15. Rxb8+ Nxb8 16. cxd5 exd5 17. Qb3 Nd7 18. Nf3 Be7 19. Qb7 Qb6 20. Qc8+ Bd8
21. Bd3 Ne7 22. Qa6 Qxa6 23. Bxa6 O-O 24. Rc1 Bb6 25. Nd2 Nf5 26. Nb3 Nxe3 27.
fxe3 Nxe5 28. Rc3 Nd7 29. Bb7 Nb8 30. a4 Re8 31. a5 Bd8 32. Kf2 Re7 33. a6 Bb6
34. Nc5 Rc7 35. Nd3 Kf8 36. Ne5 Ke7 37. Rb3 Ba5 38. Ba8 Bb6 39. Bb7 Ba5 40. Ba8
Bb6 41. Bb7 1/2-1/2

[Event "Bielefelder SK 1 - Oberhausener SV 1"]
[Site "NRW-Klasse, Gruppe 1 2013/201"]
[Date "2014.04.27"]
[Round "9.3"]
[White "Kaufeld, Juergen"]
[Black "Simon, Hans Christian"]
[Result "1-0"]
[WhiteElo "2289"]
[BlackElo "2143"]
[PlyCount "63"]
[EventDate "2014.??.??"]
[WhiteTeam "Oberhausener SV 1"]
[BlackTeam "Bielefelder SK 1"]

1. e4 e5 2. Nf3 Nf6 3. Nxe5 d6 4. Nf3 Nxe4 5. d4 d5 6. Bd3 Nc6 7. O-O Be7 8.
Nc3 Nxc3 9. bxc3 Bg4 10. Rb1 Rb8 11. h3 Bh5 12. Re1 Bg6 13. c4 Bxd3 14. Qxd3
O-O 15. cxd5 Nb4 16. Qb3 Nxd5 17. c4 Nb6 18. Bf4 Bf6 19. a4 Qd7 20. a5 Nc8 21.
Qb5 Qd8 22. a6 Nd6 23. Bxd6 Qxd6 24. axb7 a6 25. Qb4 Qxb4 26. Rxb4 c5 27. dxc5
Bc3 28. Reb1 Bxb4 29. Rxb4 a5 30. Rb5 a4 31. c6 a3 32. Ra5 1-0

[Event "Bielefelder SK 1 - Oberhausener SV 1"]
[Site "NRW-Klasse, Gruppe 1 2013/201"]
[Date "2014.04.27"]
[Round "9.4"]
[White "Goeßling, Guido"]
[Black "Ciornei, Dragos"]
[Result "1-0"]
[WhiteElo "2146"]
[BlackElo "2108"]
[PlyCount "89"]
[EventDate "2014.??.??"]
[WhiteTeam "Bielefelder SK 1"]
[BlackTeam "Oberhausener SV 1"]

1. e4 c5 2. Nf3 e6 3. d4 cxd4 4. Nxd4 a6 5. Bd3 Qc7 6. O-O Nf6 7. c4 d6 8. Nc3
Be7 9. Qe2 Nbd7 10. b3 b6 11. Bb2 Bb7 12. f4 h5 13. Rae1 Rc8 14. h3 Nc5 15. Bb1
a5 16. e5 dxe5 17. fxe5 Nfd7 18. Ncb5 Qb8 19. Nd6+ Bxd6 20. exd6 Qxd6 21. Nf5
Qc6 22. Nxg7+ Kd8 23. Nxe6+ fxe6 24. Bxh8 Ke7 25. Bd4 Rg8 26. Rf2 Rg3 27. Kh2
h4 28. Be3 Qd6 29. Kg1 Qc6 30. Kf1 Kd8 31. Qd2 Kc8 32. Rd1 Rg8 33. Qd6 Qxd6 34.
Rxd6 Kc7 35. Bxc5 Nxc5 36. Rd4 Rg3 37. Rxh4 Rc3 38. Bc2 Re3 39. Re2 Rc3 40.
Rh7+ Kd6 41. Rg7 Ba6 42. Ke1 b5 43. Kd2 b4 44. Re3 Rxe3 45. Kxe3 1-0

[Event "Bielefelder SK 1 - Oberhausener SV 1"]
[Site "NRW-Klasse, Gruppe 1 2013/201"]
[Date "2014.04.27"]
[Round "9.5"]
[White "Nissen, Claus"]
[Black "Gruen, Gerd-Peter"]
[Result "1-0"]
[WhiteElo "2136"]
[BlackElo "2268"]
[PlyCount "105"]
[EventDate "2014.??.??"]
[WhiteTeam "Oberhausener SV 1"]
[BlackTeam "Bielefelder SK 1"]

1. e3 Nf6 2. b3 e5 3. Bb2 Nc6 4. Nf3 e4 5. Nd4 Bc5 6. Nf5 O-O 7. Nxg7 Kxg7 8.
Qg4+ Kh8 9. Qh4 Be7 10. g4 d5 11. g5 d4 12. gxf6 Bxf6 13. Qf4 Be5 14. Qxe4 f5
15. Qf3 f4 16. e4 Rg8 17. h3 Be6 18. Na3 Qd7 19. O-O-O a6 20. Nc4 Raf8 21. c3
Bg7 22. Qh5 b5 23. Na3 Bf6 24. Qf3 Be7 25. cxd4 Nxd4 26. Nc2 Bf6 27. Nxd4 Bxd4
28. Bxd4+ Qxd4 29. Qc3 Rd8 30. Kb2 Rg7 31. Qxd4 Rxd4 32. d3 Kg8 33. Rc1 Rd6 34.
Rc5 Kf8 35. Kc3 c6 36. Kd2 Ke8 37. Ke2 Kd7 38. Kf3 Kc7 39. Kxf4 Kb6 40. Rg5
Rf7+ 41. Ke5 Rfd7 42. f4 a5 43. f5 Bf7 44. Rg7 Kc5 45. Rh2 Re7+ 46. Kf4 h6 47.
Rc2+ Kb6 48. e5 Rd4+ 49. Ke3 Rd5 50. Kf4 Rd4+ 51. Kg3 Bxb3 52. Rxe7 Bxc2 53. f6
1-0

[Event "Bielefelder SK 1 - Oberhausener SV 1"]
[Site "NRW-Klasse, Gruppe 1 2013/201"]
[Date "2014.04.27"]
[Round "9.6"]
[White "Forchert, Niko"]
[Black "Soehnchen, Andreas"]
[Result "1/2-1/2"]
[WhiteElo "2119"]
[BlackElo "2141"]
[PlyCount "65"]
[EventDate "2014.??.??"]
[WhiteTeam "Bielefelder SK 1"]
[BlackTeam "Oberhausener SV 1"]

1. d4 Nf6 2. Nf3 d5 3. Bg5 Ne4 4. Bf4 c5 5. e3 Qb6 6. Qc1 Nc6 7. c3 f6 8. Nfd2
e5 9. Nxe4 exf4 10. dxc5 Bxc5 11. Nxc5 Qxc5 12. Na3 O-O 13. Qd2 Bg4 14. Be2
Bxe2 15. Qxe2 fxe3 16. fxe3 Rfe8 17. Nc2 Rad8 18. O-O d4 19. Nxd4 Nxd4 20. cxd4
Qxd4 21. Rad1 Qb6 22. Kf2 Qe6 23. b3 Rc8 24. Rd3 Qf5+ 25. Kg1 Qc5 26. Rfd1 Rc7
27. Rd8 Rce7 28. Rxe8+ Rxe8 29. Kf2 b5 30. Qd3 a6 31. Qd5+ Qxd5 32. Rxd5 Kf7
33. Rd6 1/2-1/2

[Event "Bielefelder SK 1 - Oberhausener SV 1"]
[Site "NRW-Klasse, Gruppe 1 2013/201"]
[Date "2014.04.27"]
[Round "9.7"]
[White "Voge, Andreas"]
[Black "Danielmeier, Ralf"]
[Result "1-0"]
[WhiteElo "2086"]
[BlackElo "2023"]
[PlyCount "57"]
[EventDate "2014.??.??"]
[WhiteTeam "Oberhausener SV 1"]
[BlackTeam "Bielefelder SK 1"]

1. e4 d5 2. exd5 Qxd5 3. Nc3 Qa5 4. d4 Nf6 5. Nf3 c6 6. Bc4 Bf5 7. O-O e6 8.
Re1 Be7 9. Qe2 Nbd7 10. Nh4 Bg4 11. f3 Bh5 12. Bd2 Qb6 13. Nf5 Bf8 14. Bxe6
fxe6 15. Qxe6+ Kd8 16. Bg5 h6 17. Bh4 Bg6 18. Rad1 Bxf5 19. Qe8+ Kc7 20. Qxa8
Rg8 21. Re8 Nxe8 22. Bd8+ Kd6 23. Bxb6 Be7 24. Bc5+ Nxc5 25. dxc5+ Kc7 26. Qxa7
Nf6 27. Qa5+ Kb8 28. Re1 Re8 29. Rxe7 1-0